Animals Part 1 Picture Quiz Teachmmobile - Statistics

General Stats
  • This quiz has been taken 94 times
  • The average score is 17 of 18
Answer Stats
Picture Answer % Correct
Bear
100%
Cow
100%
Bee
97%
Camel
97%
Cat
97%
Dog
95%
Dolphin
95%
Duck
95%
Elephant
95%
Frog
95%
Hippo
95%
Horse
95%
Lion
95%
Penguin
95%
Pig
95%
Tiger
95%
Wolf
95%
Rooster
94%
No matching quizzes found
Score Distribution
Percent of People with Each Score
Percentile by Number Answered
Your Score History
You have not taken this quiz